Podstata a význam podnikateľského modelu

Vymedzenie podnikateľského modelu. Zlyhávanie podnikateľského modelu. Príklady pre inšpiráciu.

Gespeichert in:
Bibliographische Detailangaben
1. Verfasser: Záležáková, Eliška
Weitere Verfasser: Vogl, Michaela
Format: Buchkapitel
Sprache:Slowakisch
Schlagworte:
Tags: Tag hinzufügen
Keine Tags, Fügen Sie das erste Tag hinzu!

MARC

LEADER 00000naa a2200000 4500
001 0196340
005 20240502073317.4
041 0 |a slo 
044 |a SK 
245 1 0 |a Podstata a význam podnikateľského modelu  |c Eliška Záležáková, Michaela Vogl 
520 |a Vymedzenie podnikateľského modelu. Zlyhávanie podnikateľského modelu. Príklady pre inšpiráciu. 
610 2 0 |a modely podnikateľské 
610 2 0 |a výhody konkurenčné 
610 2 0 |a inovácia 
610 2 0 |a plánovanie strategické 
100 1 |a Záležáková, Eliška 
700 1 |a Vogl, Michaela